[Event "ISR-chT"]
[Site "Israel"]
[Date "2007.04.27"]
[Round "9.5"]
[White "Aronov, Viktor"]
[Black "Tarnopolsky, Anatoly"]
[Result "0-1"]
[WhiteElo "2221"]
[BlackElo "2284"]
[PlyCount "196"]
[EventDate "2007.01.11"]
[EventType "team"]
[EventRounds "11"]
[EventCountry "ISR"]
[SourceTitle "EXT 2009"]
[Source "ChessBase"]
[SourceDate "2008.11.26"]
[SourceVersion "1"]
[SourceVersionDate "2008.11.26"]
[SourceQuality "1"]
[WhiteTeam "Beer Sheva VI"]
[BlackTeam "Petah Tikva Elitzur"]
[WhiteTeamCountry "ISR"]
[BlackTeamCountry "ISR"]

1. Nf3 Nf6 2. g3 b5 3. Bg2 Bb7 4. 0-0 e6 5. a4 b4 6. d3 d5 7. Nbd2 Be7 8. e4 0-0 9. e5 Nfd7 10. Re1 c5 11. h4 Nc6 12. Nf1 Rb8 13. Bf4 Ba6 14. N1h2 b3 15. c3 Rc8 16. Bf1 Rb8 17. Ng5 Qe8 18. Qh5 h6 19. Ng4 Bxg5 20. hxg5 f5 21. Qxe8 Rbxe8 22. Nh2 hxg5 23. Bxg5 Ncxe5 24. Rad1 Nf7 25. Bc1 Bb7 26. a5 Nd8 27. Bd2 Nc6 28. Ra1 Ba6 29. Ra3 c4 30. d4 Nf6 31. Bf4 Rf7 32. Nf3 Bc8 33. Ne5 Nxe5 34. Bxe5 Rb7 35. Bg2 Kf7 36. f3 Ng8 37. Kf2 Ne7 38. f4 Nc6 39. Bd6 Rb5 40. Rea1 Rd8 41. Bc5 Bd7 42. Bf3 Rh8 43. Kg2 Kf6 44. Rh1 Rxh1 45. Kxh1 Be8 46. Kg2 Bg6 47. Ra1 Bf7 48. Kf2 Rb8 49. Rh1 Ra8 50. a6 Rg8 51. Ke3 Be8 52. Kf2 Bd7 53. Be2 Rb8 54. Ra1 Rh8 55. Kg2 Be8 56. Re1 Rh7 57. Ra1 g5 58. Bd6 Bd7 59. Kg1 Bc8 60. Kg2 g4 61. Ra4 Kf7 62. Bf1 Ke8 63. Be2 Kd7 64. Bc5 Kc7 65. Bf1 Kb8 66. Kg1 Rd7 67. Bg2 Kc7 68. Kf2 Kd8 69. Kg1 Nb8 70. Kf2 Nxa6 71. Bf8 Ke8 72. Ba3 Nb8 73. Ra5 Nc6 74. Rc5 Bb7 75. Ke3 a6 76. Kf2 Kd8 77. Ke3 Kc7 78. Bb4 Kb6 79. Ba3 Na7 80. Bb4 Nb5 81. Bf1 Rh7 82. Bg2 Bc6 83. Kf2 Kc7 84. Ba5+ Kd7 85. Bb4 Rh8 86. Kg1 Ra8 87. Ba5 Na3 88. Kf2 Rh8 89. Bb6 Nb1 90. Ba5 Nd2 91. Bb6 Rh2 92. Kg1 Nf3+ 93. Bxf3 Rxb2 94. Ra5 Ra2 95. Bd1 Ba4 96. Kf1 b2 97. Bxa4+ Rxa4 98. Rxa4 b1Q+ 0-1

[Event "Beersheba"]
[Site "Beersheba"]
[Date "1998.??.??"]
[Round "10"]
[White "Aronov, Viktor"]
[Black "Lederer, Yoav"]
[Result "0-1"]
[WhiteElo "2235"]
[BlackElo "2270"]
[PlyCount "69"]
[EventDate "1998.??.??"]
[EventType "tourn"]
[EventRounds "11"]
[EventCountry "ISR"]
[EventCategory "4"]
[SourceTitle "EXT 2000"]
[Source "ChessBase"]
[SourceDate "1999.11.16"]
[SourceVersion "1"]
[SourceVersionDate "1999.11.16"]
[SourceQuality "1"]

1. d4 Nf6 2. c4 g6 3. Nc3 Bg7 4. e4 d6 5. Nf3 0-0 6. Be2 Na6 7. Be3 Qe8 8. 0-0 e5 9. Re1 Ng4 10. Bc1 f5 11. h3 Nf6 12. exf5 gxf5 13. Bf1 e4 14. d5 Nc5 15. Nd4 a5 16. Ndb5 Qd8 17. Be3 Nfd7 18. Qh5 Ne5 19. Rad1 Ncd3 20. Bxd3 Nxd3 21. Bg5 Bf6 22. Bxf6 Qxf6 23. Re3 Nxb2 24. Rb1 Nxc4 25. Rg3+ Kh8 26. Nxc7 f4 27. Rg5 Qxc3 28. Nxa8 e3 29. fxe3 fxe3 30. Kh2 Qf6 31. Re1 Nd2 32. Qh4 Bf5 33. Nc7 Be4 34. Ne6 Qf2 35. Rf5 0-1

[Event "Beersheba"]
[Site "Beersheba"]
[Date "1998.??.??"]
[Round "4"]
[White "Aronov, Viktor"]
[Black "Ofek, Ram"]
[Result "1-0"]
[WhiteElo "2235"]
[BlackElo "2245"]
[PlyCount "36"]
[EventDate "1998.??.??"]
[EventType "tourn"]
[EventRounds "11"]
[EventCountry "ISR"]
[EventCategory "4"]
[SourceTitle "EXT 2000"]
[Source "ChessBase"]
[SourceDate "1999.11.16"]
[SourceVersion "1"]
[SourceVersionDate "1999.11.16"]
[SourceQuality "1"]

1. d4 Nf6 2. Nf3 g6 3. Nbd2 d6 4. b3 Bg7 5. Bb2 Bf5 6. Nh4 Bg4 7. h3 Bd7 8. e3 0-0 9. Nhf3 Re8 10. Be2 Nc6 11. a4 a6 12. a5 e5 13. dxe5 dxe5 14. Nc4 Ne4 15. 0-0 f6 16. Qd5+ Be6 17. Qxe4 f5 18. Qh4 Bf6 1-0

[Event "Beersheba"]
[Site "Beersheba"]
[Date "1998.??.??"]
[Round "9"]
[White "Lederman, Leon S"]
[Black "Aronov, Viktor"]
[Result "1-0"]
[WhiteElo "2310"]
[BlackElo "2235"]
[PlyCount "83"]
[EventDate "1998.??.??"]
[EventType "tourn"]
[EventRounds "11"]
[EventCountry "ISR"]
[EventCategory "4"]
[SourceTitle "EXT 2000"]
[Source "ChessBase"]
[SourceDate "1999.11.16"]
[SourceVersion "1"]
[SourceVersionDate "1999.11.16"]
[SourceQuality "1"]

1. e4 e6 2. d4 d5 3. Nc3 Bb4 4. e5 b6 5. a3 Bxc3+ 6. bxc3 Qd7 7. a4 Ba6 8. Bxa6 Nxa6 9. Qg4 f5 10. Qh5+ Qf7 11. Qe2 Nb8 12. Nf3 h6 13. c4 dxc4 14. Qxc4 Qd7 15. 0-0 Nc6 16. Ba3 Nge7 17. Qd3 Rd8 18. Rfd1 g5 19. Bb2 0-0 20. Qe2 Ng6 21. c4 Nce7 22. g3 c6 23. Ne1 Kh7 24. Nd3 Rg8 25. f3 Qb7 26. a5 Qc7 27. Bc3 Nc8 28. axb6 axb6 29. Ra6 Rg7 30. Rda1 Rgd7 31. c5 b5 32. Ba5 Qb7 33. Bxd8 Rxd8 34. Nb4 Nge7 35. d5 exd5 36. g4 Rf8 37. Qd3 Qc7 38. Re1 Kg7 39. gxf5 Rxf5 40. Nxc6 Rf4 41. Qxb5 Rxf3 42. Nd4 1-0